[Event "DSM WK M 2010"]
[Site "Karlsruhe GER"]
[Date "2010.05.08"]
[Round "4"]
[White "Stitterich, Nadine"]
[Black "Klinger, Jacquelin"]
[Result "1-0"]
[Termination "normal"]
[Board "1.1"]
[WhiteElo "1974"]
[BlackElo "1544"]
[WhiteTeam "Solitude-Gymnasium Stuttgart"]
[BlackTeam "Märkische Schule Wattenscheid"]
[PlyCount "59"]
[WhiteFideId "24676527"]
[EventCountry "GER"]
[EventRounds "7"]
[EventType "team-swiss"]
[EventDate "2010.05.06"]

1. e4 c5 2. Nf3 Nc6 3. d4 cxd4 4. Nxd4 e6 5. Nc3 Bb4 6. Be3 Bxc3+ 7. bxc3 d5 8.
Bb5 Qd6 9. O-O Nge7 10. c4 O-O 11. Nb3 Qd8 12. cxd5 exd5 13. Bc5 Be6 14. exd5
Bxd5 15. Bxc6 bxc6 16. c4 Bxc4 17. Qxd8 Rfxd8 18. Bxe7 Re8 19. Rfe1 Be6 20. Bc5
a6 21. h3 h6 22. Nd4 Bd5 23. a3 Rab8 24. Nf5 g6 25. Nxh6+ Kg7 26. Ng4 Rxe1+ 27.
Rxe1 Rb5 28. Bd4+ Kf8 29. Nf6 Be6 30. Rc1 1-0

[Event "DSM WK M 2010"]
[Site "Karlsruhe GER"]
[Date "2010.05.08"]
[Round "4"]
[White "Rohm, Marlena"]
[Black "Mijatovic, Andrea"]
[Result "0-1"]
[Termination "normal"]
[Board "1.2"]
[WhiteElo "1506"]
[BlackElo "1864"]
[WhiteTeam "Märkische Schule Wattenscheid"]
[BlackTeam "Solitude-Gymnasium Stuttgart"]
[PlyCount "77"]
[WhiteFideId "12931632"]
[BlackFideId "14514524"]
[EventCountry "GER"]
[EventRounds "7"]
[EventType "team-swiss"]
[EventDate "2010.05.06"]

1. d4 d5 2. c4 e6 3. Nc3 Nf6 4. cxd5 exd5 5. Nf3 Nbd7 6. Bg5 c6 7. e3 Bd6 8.
Bd3 O-O 9. O-O Qc7 10. Qc2 h6 11. Bh4 Ng4 12. Bg3 Bxg3 13. hxg3 Ndf6 14. Rfe1
Re8 15. e4 dxe4 16. Nxe4 Nxe4 17. Bxe4 Nf6 18. Bh7+ Kh8 19. Rxe8+ Nxe8 20. Re1
Be6 21. b3 Nf6 22. Bf5 Bxf5 23. Qxf5 Rd8 24. Qc5 b6 25. Qe7 Qxe7 26. Rxe7 Rd7
27. Rxd7 Nxd7 28. Ne5 Nxe5 29. dxe5 f6 30. f4 fxe5 31. fxe5 Kg8 32. Kf2 Kf7 33.
Ke3 Ke6 34. Ke4 a5 35. a3 g6 36. g4 b5 37. b4 a4 38. Kd4 h5 39. Kc5 { Rest
nicht rekonstuierbar.} 0-1

[Event "DSM WK M 2010"]
[Site "Karlsruhe GER"]
[Date "2010.05.08"]
[Round "4"]
[White "Häcker, Katrin"]
[Black "Müller, Laura Margarita"]
[Result "1-0"]
[Termination "normal"]
[Board "1.3"]
[WhiteElo "1615"]
[BlackElo "1544"]
[WhiteTeam "Solitude-Gymnasium Stuttgart"]
[BlackTeam "Märkische Schule Wattenscheid"]
[PlyCount "133"]
[WhiteFideId "24667986"]
[BlackFideId "12917923"]
[EventCountry "GER"]
[EventRounds "7"]
[EventType "team-swiss"]
[EventDate "2010.05.06"]

1. e4 e5 2. Nf3 d6 3. d4 exd4 4. Nxd4 Nf6 5. Nc3 Be7 6. Bc4 O-O 7. Qe2 Re8 8.
O-O Bg4 9. Qd3 Nbd7 10. Qg3 Ne5 11. Bb3 Nh5 12. Qe3 Bg5 13. Qxg5 Qxg5 14. Bxg5
h6 15. Be3 a6 16. h3 Bd7 17. Nd5 Rac8 18. Nf4 Nf6 19. f3 Red8 20. c4 c5 21.
Nde2 Bc6 22. Rfd1 Rd7 23. Rd2 Rcd8 24. Rad1 b6 25. a4 Ne8 26. Nc3 Nc7 27. Ncd5
Kf8 28. Nxc7 Rxc7 29. Rxd6 Rxd6 30. Rxd6 Ke7 31. Rd1 g5 32. Nd5+ Bxd5 33. exd5
Rd7 34. Bc2 Rd6 35. h4 f6 36. hxg5 hxg5 37. Bf5 Rd8 38. Kf2 Kd6 39. g3 Rh8 40.
f4 Nf7 41. fxg5 Nxg5 42. Bxg5 fxg5 43. Kf3 Rh2 44. b3 Rb2 45. Rd3 Rb1 46. Kg4
Re1 47. Kxg5 Re7 48. g4 Rg7+ 49. Kf6 Rg8 50. g5 Rf8+ 51. Kg6 Rg8+ 52. Kh5 a5
53. Be6 Rh8+ 54. Kg4 Rh7 55. Rh3 Re7 56. Kf5 Kc7 57. Kf6 Kd6 58. g6 Rb7 59. Rh7
Rb8 60. g7 Rd8 61. Rh8 Rxh8 62. gxh8=Q Kc7 63. Qg7+ Kb8 64. d6 Ka8 65. d7 Kb7
66. d8=R+ Kc6 67. Qd7# 1-0

[Event "DSM WK M 2010"]
[Site "Karlsruhe GER"]
[Date "2010.05.08"]
[Round "4"]
[White "Berger, Melanie"]
[Black "Zacke, Tamara"]
[Result "1-0"]
[Termination "normal"]
[Board "1.4"]
[WhiteElo "1425"]
[BlackElo "857"]
[WhiteTeam "Märkische Schule Wattenscheid"]
[BlackTeam "Solitude-Gymnasium Stuttgart"]
[PlyCount "61"]
[EventCountry "GER"]
[EventRounds "7"]
[EventType "team-swiss"]
[EventDate "2010.05.06"]

1. e4 e5 2. Nf3 Nc6 3. Bc4 Nf6 4. Ng5 d5 5. exd5 Nxd5 6. Qf3 Be6 7. Nxe6 fxe6
8. O-O Qd7 9. Bb5 O-O-O 10. Bxc6 Qxc6 11. Re1 Bd6 12. Nc3 Rhf8 13. Qg4 Rde8 14.
Nxd5 Qxd5 15. d3 Bc5 16. Be3 Bxe3 17. Rxe3 g6 18. a3 Rf4 19. Qg3 Rg8 20. Rae1
Rgf8 21. Rxe5 Qd4 22. Rxe6 Qxf2+ 23. Qxf2 Rxf2 24. Re8+ Kd7 25. Rxf8 Rxf8 26.
Rf1 Re8 27. Rf2 h5 28. Kf1 Re5 29. Rf7+ Kc6 30. Rf6+ Kd7 31. Rxg6 { Rest nicht
rekonstruierbar} 1-0

[Event "DSM WK M 2010"]
[Site "Karlsruhe GER"]
[Date "2010.05.08"]
[Round "4"]
[White "Wisheckel, Lena"]
[Black "Evers, Annika"]
[Result "0-1"]
[Termination "normal"]
[Board "2.1"]
[WhiteElo "1775"]
[BlackElo "1695"]
[WhiteTeam "Johann-Schöner-Gymnasium Karlstadt"]
[BlackTeam "Athenaeum Stade"]
[PlyCount "58"]
[WhiteFideId "24691992"]
[BlackFideId "24691933"]
[EventCountry "GER"]
[EventRounds "7"]
[EventType "team-swiss"]
[EventDate "2010.05.06"]

1. e4 c5 2. Nc3 Nc6 3. Bc4 e6 4. Nf3 Nf6 5. e5 Ng4 6. Qe2 Qc7 7. Nb5 Qb8 8. d3
Ngxe5 9. Bf4 Nxd3+ 10. Qxd3 Qxf4 11. g3 Qb8 12. Qd2 d5 13. Be2 a6 14. Nc3 Bd6
15. O-O O-O 16. a4 Ne5 17. Rab1 Nxf3+ 18. Bxf3 Bd7 19. Rfd1 Rd8 20. Qg5 Be5 21.
Ne2 Bf6 22. Qd2 Bc6 23. h4 g6 24. h5 Bxa4 25. Kg2 Qe5 26. b3 Bc6 27. Rh1 g5 28.
Rbe1 Qf5 29. Kf1 Qxf3 0-1

[Event "DSM WK M 2010"]
[Site "Karlsruhe GER"]
[Date "2010.05.08"]
[Round "4"]
[White "Steffens, Skrolan"]
[Black "Mehling, Franziska"]
[Result "0-1"]
[Termination "time forfeit"]
[Board "2.2"]
[WhiteElo "1162"]
[BlackElo "1477"]
[WhiteTeam "Athenaeum Stade"]
[BlackTeam "Johann-Schöner-Gymnasium Karlstadt"]
[PlyCount "186"]
[BlackFideId "12900133"]
[EventCountry "GER"]
[EventRounds "7"]
[EventType "team-swiss"]
[EventDate "2010.05.06"]

1. e4 c5 2. Nc3 a6 3. g3 e6 4. Bg2 b5 5. d3 Bb7 6. Be3 Nf6 7. a3 d5 8. Bg5 Be7
9. e5 Nfd7 10. Bxe7 Qxe7 11. f4 Nc6 12. Nf3 Nb6 13. Qd2 c4 14. d4 b4 15. axb4
Qxb4 16. Rb1 Rb8 17. O-O Bc8 18. b3 Qe7 19. Rb2 O-O 20. Rfb1 Bd7 21. b4 Na7 22.
Nd1 Nb5 23. c3 Ra8 24. Ra1 Ra7 25. Qc2 Rfa8 26. Ng5 g6 27. Rba2 Qd8 28. Nf2 Be8
29. h4 h6 30. Nf3 Nd7 31. g4 a5 32. f5 axb4 33. Rxa7 Rxa7 34. Rxa7 Nxa7 35.
cxb4 Qe7 36. fxe6 Qxe6 37. Bh3 Qb6 38. h5 g5 39. Qf5 Qxb4 40. e6 Nf8 41. exf7+
Bxf7 42. Ne5 Qe7 43. Qxf7+ Qxf7 44. Nxf7 Kxf7 45. Bg2 Ke6 46. Nd1 Nb5 47. Ne3
Nc7 48. Kf2 Nd7 49. Ke2 Nb6 50. Kd2 Na4 51. Kc2 Kd6 52. Nf5+ Kc6 53. Nxh6 Ne6
54. Nf5 Nf4 55. Bf3 Nb6 56. h6 Kd7 57. h7 Ng6 58. Ne3 Ke6 59. Nf5 Kf7 60. Nd6+
Kg7 61. Nf5+ Kxh7 62. Ne3 Ne7 63. Kb2 Kg6 64. Ka3 Kf6 65. Kb4 Ke6 66. Kc5 Na4+
67. Kb4 Nb2 68. Kb5 Nd3 69. Be2 Nc1 70. Bf3 c3 71. Kc5 Nd3+ 72. Kb5 Ne1 73. Be2
c2 74. Nxc2 Nxc2 75. Bd3 Nxd4+ 76. Kc5 Nf3 77. Be2 Ne5 78. Kd4 N7g6 79. Ke3 Nf4
80. Bd1 Kd6 81. Kd4 Nc6+ 82. Ke3 d4+ 83. Kd2 d3 84. Bf3 Nb4 85. Be4 Kc5 86. Bf5
Kd4 87. Ke1 Kc3 88. Kd1 d2 89. Be4 Nfd5 90. Bf3 Ne3+ 91. Ke2 d1=Q+ 92. Kf2 Qf1+
93. Kg3 Nbd5 0-1

[Event "DSM WK M 2010"]
[Site "Karlsruhe GER"]
[Date "2010.05.08"]
[Round "4"]
[White "Mehling, Katharina"]
[Black "Lange, Anika"]
[Result "1-0"]
[Termination "normal"]
[Board "2.3"]
[WhiteElo "1524"]
[BlackElo "1215"]
[WhiteTeam "Johann-Schöner-Gymnasium Karlstadt"]
[BlackTeam "Athenaeum Stade"]
[PlyCount "69"]
[WhiteFideId "12900362"]
[BlackFideId "24693405"]
[EventCountry "GER"]
[EventRounds "7"]
[EventType "team-swiss"]
[EventDate "2010.05.06"]

1. e4 c5 2. Nf3 Nc6 3. d4 cxd4 4. Nxd4 e5 5. Nb5 a6 6. Nd6+ Bxd6 7. Qxd6 Qf6 8.
Qc7 Nge7 9. Nc3 O-O 10. h4 h5 11. Bc4 Qg6 12. Kf1 b5 13. Bd3 f5 14. Bg5 Ra7 15.
Qb6 Ra8 16. Bxe7 Rb8 17. Qc5 Nxe7 18. Qxe7 Re8 19. Qg5 Qxg5 20. hxg5 fxe4 21.
Bxe4 b4 22. Nd5 Bb7 23. Rxh5 a5 24. Rd1 Re6 25. Bh7+ Kf8 26. Bf5 Rd6 27. Rh8+
Kf7 28. g6+ Rxg6 29. Bxg6+ Kxg6 30. Rxb8 Bc6 31. Ne7+ Kf6 32. Nxc6 dxc6 33.
Rd6+ Kf5 34. Rf8+ Kg5 35. Rd3 1-0

[Event "DSM WK M 2010"]
[Site "Karlsruhe GER"]
[Date "2010.05.08"]
[Round "4"]
[White "Nesterkin, Maria"]
[Black "Mehling, Theresa"]
[Result "1-0"]
[Termination "normal"]
[Board "2.4"]
[WhiteElo "860"]
[BlackElo "728"]
[WhiteTeam "Athenaeum Stade"]
[BlackTeam "Johann-Schöner-Gymnasium Karlstadt"]
[PlyCount "81"]
[EventCountry "GER"]
[EventRounds "7"]
[EventType "team-swiss"]
[EventDate "2010.05.06"]

1. d4 d5 2. Nf3 Nc6 3. e3 Nf6 4. Bd3 Bd7 5. O-O e6 6. b3 Bb4 7. c3 Bd6 8. Bb2
O-O 9. Nbd2 h6 10. Re1 Qe7 11. e4 Ba3 12. Bxa3 Qxa3 13. e5 Nh5 14. c4 Qa5 15.
g3 a6 16. c5 Nb4 17. Nb1 Nxa2 18. Qc2 c6 19. Rxa2 Qd8 20. Nc3 f6 21. Na4 fxe5
22. Nb6 Rb8 23. Nxd7 Qxd7 24. Nxe5 Qe7 25. Qe2 Qg5 26. h4 Qd8 27. Qxh5 Qf6 28.
Qg6 Qxg6 29. Bxg6 Rf6 30. Re3 Rbf8 31. h5 b5 32. Rxa6 Rxf2 33. Re1 R2f6 34. Nd7
b4 35. Nxf8 Rxf8 36. Rxe6 Kh8 37. Re8 Rxe8 38. Bxe8 Kg8 39. Ra7 Kh7 40. Bg6+
Kh8 41. Ra8# 1-0

[Event "DSM WK M 2010"]
[Site "Karlsruhe GER"]
[Date "2010.05.08"]
[Round "4"]
[White "Bajorski, Maria Sophie"]
[Black "Bohrmann, Sandra"]
[Result "1-0"]
[Termination "normal"]
[Board "3.1"]
[WhiteElo "1347"]
[BlackElo "1563"]
[WhiteTeam "Marienschule Limburg"]
[BlackTeam "Max-Planck-Gymnasium Ludwigshafen"]
[PlyCount "59"]
[WhiteFideId "24654531"]
[BlackFideId "12905437"]
[EventCountry "GER"]
[EventRounds "7"]
[EventType "team-swiss"]
[EventDate "2010.05.06"]

1. e4 e5 2. Nf3 Nc6 3. Bc4 Bc5 4. c3 Nf6 5. d4 exd4 6. cxd4 Bb4+ 7. Nc3 Bxc3+
8. bxc3 Nxe4 9. Qb3 O-O 10. O-O Nf6 11. Qc2 d5 12. Bd3 Ne7 13. Bg5 Ng6 14. Rab1
Qd6 15. Rfe1 b6 16. Ne5 c6 17. Re2 Bg4 18. f3 Bc8 19. Rbe1 c5 20. Kh1 c4 21.
Bf5 b5 22. Bxf6 Bxf5 23. Qxf5 gxf6 24. Nd7 Rfd8 25. Nxf6+ Kh8 26. Ne8 Qc6 27.
Qxf7 Rd7 28. Re7 Rxe7 29. Rxe7 Nxe7 30. Qg7# 1-0

[Event "DSM WK M 2010"]
[Site "Karlsruhe GER"]
[Date "2010.05.08"]
[Round "4"]
[White "Serif, Amelie"]
[Black "Liez, Franziska"]
[Result "1/2-1/2"]
[Termination "normal"]
[Board "3.2"]
[WhiteElo "1371"]
[BlackElo "1440"]
[WhiteTeam "Max-Planck-Gymnasium Ludwigshafen"]
[BlackTeam "Marienschule Limburg"]
[PlyCount "109"]
[BlackFideId "1271766"]
[EventCountry "GER"]
[EventRounds "7"]
[EventType "team-swiss"]
[EventDate "2010.05.06"]

1. Nc3 e5 2. Nf3 Nc6 3. d4 exd4 4. Nxd4 Nf6 5. Bf4 Bb4 6. Nxc6 bxc6 7. Qd4 c5
8. Qe5+ Qe7 9. Qxe7+ Kxe7 10. Rd1 d6 11. f3 Be6 12. a3 Ba5 13. e4 Rab8 14. Bc1
Rhe8 15. Bd3 c4 16. Be2 d5 17. exd5 Nxd5 18. O-O Bxc3 19. bxc3 Nxc3 20. Rde1
Kf8 21. Bd2 Nxe2+ 22. Rxe2 Red8 23. Bf4 Rbc8 24. Rb1 Bd5 25. Rb5 c6 26. Ra5 Ra8
27. Be3 a6 28. Bc5+ Kg8 29. Ra4 h6 30. Rb4 Rdb8 31. Rxb8+ Rxb8 32. Bd4 f6 33.
Kf2 Kf7 34. g4 Rb1 35. Kg3 Kg6 36. h4 h5 37. gxh5+ Kxh5 38. Rg2 Rh1 39. Kf2
Rxh4 40. c3 Kh6 41. Bc5 Rh3 42. Rg3 Rxg3 43. Kxg3 g5 44. Be3 Kg6 45. a4 Be6 46.
f4 Kf5 47. fxg5 fxg5 48. a5 g4 49. Bd4 Ke4 50. Bf6 Kd3 51. Be5 Kc2 52. Bf6 Kb3
53. Be5 Ka4 54. Bc7 c5 55. Bd8 1/2-1/2

[Event "DSM WK M 2010"]
[Site "Karlsruhe GER"]
[Date "2010.05.08"]
[Round "4"]
[White "Liez, Tatjana"]
[Black "Serebrianski, Anita"]
[Result "1/2-1/2"]
[Termination "normal"]
[Board "3.3"]
[WhiteElo "1190"]
[BlackElo "1147"]
[WhiteTeam "Marienschule Limburg"]
[BlackTeam "Max-Planck-Gymnasium Ludwigshafen"]
[PlyCount "154"]
[WhiteFideId "1271769"]
[EventCountry "GER"]
[EventRounds "7"]
[EventType "team-swiss"]
[EventDate "2010.05.06"]

1. e4 e5 2. Nf3 Nc6 3. Bc4 Bc5 4. d3 Nf6 5. Nc3 d6 6. Bg5 O-O 7. h3 Be6 8. Bb3
Nd4 9. O-O h6 10. Be3 c6 11. Na4 b6 12. c3 Nxb3 13. Nxc5 Nxc5 14. Bxc5 bxc5 15.
Qa4 Qb6 16. b3 d5 17. exd5 cxd5 18. Nxe5 d4 19. cxd4 cxd4 20. Qa3 Qb5 21. Nc4
Qg5 22. Qb2 Bxh3 23. f3 Nd5 24. Rf2 Rae8 25. Kh1 Bf5 26. Qxd4 Ne3 27. Nd2 Re6
28. Ne4 Qh4+ 29. Kg1 Bxe4 30. dxe4 Qf4 31. Qc3 Rg6 32. Re1 Nxg2 33. Rxg2 Rxg2+
34. Kxg2 f5 35. exf5 Rxf5 36. Re4 Rg5+ 37. Kf1 Qg3 38. Qe3 Qg2+ 39. Ke1 Qh1+
40. Kd2 Rg2+ 41. Kd3 Qd1+ 42. Kc4 Rc2+ 43. Kb4 Qd6+ 44. Kb5 a6+ 45. Ka5 Rc5+
46. Ka4 Qd7+ 47. Ka3 Ra5+ 48. Kb2 Kh7 49. Re7 Qh3 50. Qe4+ Qf5 51. Qd4 Qg6 52.
Qc3 Qg2+ 53. Kb1 Qxa2+ 54. Kc1 Qa3+ 55. Kd1 Qxe7 56. Qxa5 Qd7+ 57. Ke2 Qe6+ 58.
Kf2 Qxb3 59. Qxa6 Qb2+ 60. Kg3 Qe5+ 61. Kf2 h5 62. Qd3+ Kh6 63. Qd2+ g5 64. Qc2
Qd4+ 65. Kf1 Qd6 66. Qc4 h4 67. Qg4 Qh2 68. Ke1 h3 69. Kf1 Qh1+ 70. Kf2 h2 71.
Qh3+ Kg6 72. Qe6+ Kh5 73. Qg4+ Kg6 74. Qe4+ Kh6 75. Qe6+ Kh5 76. Qh3+ Kg6 77.
Qe6+ Kh5 1/2-1/2

[Event "DSM WK M 2010"]
[Site "Karlsruhe GER"]
[Date "2010.05.08"]
[Round "4"]
[White "Keil, Mareike"]
[Black "Heinz, Michelle"]
[Result "1-0"]
[Termination "normal"]
[Board "3.4"]
[WhiteElo "1032"]
[BlackElo "1006"]
[WhiteTeam "Max-Planck-Gymnasium Ludwigshafen"]
[BlackTeam "Marienschule Limburg"]
[PlyCount "91"]
[BlackFideId "1271782"]
[EventCountry "GER"]
[EventRounds "7"]
[EventType "team-swiss"]
[EventDate "2010.05.06"]

1. e4 e5 2. Nf3 Nc6 3. Bc4 Bc5 4. Nc3 Nf6 5. O-O d6 6. d3 Bg4 7. Nd5 Nd4 8. Ne3
Bh5 9. Nf5 Rg8 10. N5xd4 Bxd4 11. Be3 Bxb2 12. Rb1 Bd4 13. Rxb7 c6 14. c3 Bxe3
15. fxe3 Qa5 16. Qb3 Rf8 17. Rb8+ Rxb8 18. Qxb8+ Ke7 19. Qb7+ Nd7 20. d4 Qxc3
21. Qb3 Qa5 22. Qb1 Rb8 23. Qe1 Qxe1 24. Rxe1 Rb4 25. Bb3 exd4 26. Nxd4 Rb6 27.
Nf5+ Kd8 28. Nxd6 f6 29. Nc4 Rb4 30. Rc1 Bf7 31. Na5 Bxb3 32. Nxc6+ Ke8 33.
Nxb4 Be6 34. Rc8+ Kf7 35. Rc7 a5 36. Nc6 Kg6 37. Nxa5 Ne5 38. Nc6 Ng4 39. a4
Nxe3 40. a5 Nc4 41. Ne7+ Kh6 42. a6 Nb6 43. Rc6 Na8 44. Rxe6 Kg5 45. Nd5 Kg6
46. Re8 1-0

[Event "DSM WK M 2010"]
[Site "Karlsruhe GER"]
[Date "2010.05.08"]
[Round "4"]
[White "Krtschil, Anna"]
[Black "Riedelsheimer, Julia"]
[Result "1-0"]
[Termination "normal"]
[Board "4.1"]
[WhiteElo "1313"]
[BlackElo "1152"]
[WhiteTeam "Salza Gymnasium Bad Langensalza"]
[BlackTeam "Gymnasium Donauwörth"]
[PlyCount "95"]
[WhiteFideId "4611144"]
[EventCountry "GER"]
[EventRounds "7"]
[EventType "team-swiss"]
[EventDate "2010.05.06"]

1. e4 c6 2. d4 d5 3. Nc3 dxe4 4. Nxe4 Bf5 5. Ng3 Bg6 6. Nf3 h6 7. Bc4 e6 8. Be3
Bd6 9. Qe2 Ne7 10. O-O O-O 11. Rad1 Qc7 12. Bb3 Nd7 13. Rfe1 Rad8 14. Bc1 Nf6
15. c3 Rd7 16. Ne5 Bxe5 17. Qxe5 Qxe5 18. Rxe5 Rfd8 19. Rde1 Ned5 20. f4 Ng4
21. R5e2 Bd3 22. Rd2 Nxf4 23. Rdd1 g5 24. h3 Nf6 25. Bxf4 gxf4 26. Rxd3 fxg3
27. Rxg3+ Kh7 28. Bc2+ Kh8 29. Rf1 Rg8 30. Rgf3 Nd5 31. Rxf7 Rxf7 32. Rxf7 Rg7
33. Rf8+ Rg8 34. Rxg8+ Kxg8 35. Kf2 Kg7 36. Kf3 Kf6 37. Be4 Ne7 38. Kf4 b6 39.
g4 c5 40. dxc5 e5+ 41. Kf3 bxc5 42. b4 c4 43. a4 Ke6 44. h4 Kd6 45. g5 h5 46.
g6 Ng8 47. g7 Ke7 48. Bd5 1-0

[Event "DSM WK M 2010"]
[Site "Karlsruhe GER"]
[Date "2010.05.08"]
[Round "4"]
[White "Vogel, Anna"]
[Black "Schirrmeister, Laura"]
[Result "1-0"]
[Termination "normal"]
[Board "4.2"]
[WhiteElo "887"]
[BlackElo "1120"]
[WhiteTeam "Gymnasium Donauwörth"]
[BlackTeam "Salza Gymnasium Bad Langensalza"]
[PlyCount "43"]
[BlackFideId "24694967"]
[EventCountry "GER"]
[EventRounds "7"]
[EventType "team-swiss"]
[EventDate "2010.05.06"]

1. e4 d6 2. d4 g6 3. Nc3 Bg7 4. Bc4 Nd7 5. Bg5 Ngf6 6. f4 O-O 7. Nge2 Ng4 8.
Nd5 Ndf6 9. h3 Nxd5 10. hxg4 Ne3 11. Qd3 Nxg4 12. f5 Kh8 13. Rh4 Nf6 14. Nf4 c5
15. fxg6 Qa5+ 16. c3 cxd4 17. Bxf6 Bxf6 18. Rxh7+ Kg8 19. gxf7+ Kxh7 20. e5+
Kg7 21. Qg6+ Kh8 22. Qh6# 1-0

[Event "DSM WK M 2010"]
[Site "Karlsruhe GER"]
[Date "2010.05.08"]
[Round "4"]
[White "Halle, Julia"]
[Black "Aurnhammer, Bianca"]
[Result "0-1"]
[Termination "normal"]
[Board "4.3"]
[WhiteElo "1018"]
[BlackElo "1038"]
[WhiteTeam "Salza Gymnasium Bad Langensalza"]
[BlackTeam "Gymnasium Donauwörth"]
[PlyCount "66"]
[WhiteFideId "24694940"]
[EventCountry "GER"]
[EventRounds "7"]
[EventType "team-swiss"]
[EventDate "2010.05.06"]

1. c4 e5 2. Nc3 Bc5 3. g3 d6 4. Bg2 Ne7 5. Nf3 Nbc6 6. O-O O-O 7. d3 Be6 8. Bd2
Qd7 9. Qb3 b6 10. Rac1 f5 11. Ng5 Rf6 12. Nd5 Bxd5 13. cxd5 Nd4 14. Qd1 c6 15.
e4 cxd5 16. exd5 Raf8 17. Bh3 Qb5 18. Bf4 exf4 19. gxf4 Rg6 20. Qh5 h6 21. Bxf5
Ndxf5 22. Kh1 hxg5 23. fxg5 Qxd3 24. Rfe1 Qxd5+ 25. f3 Re6 26. Kg2 Rxe1 27.
Rxe1 Qd2+ 28. Kh3 Qxe1 29. g6 Qf1+ 30. Kg4 Qg2+ 31. Kf4 Be3+ 32. Ke4 Qxg6 33.
Qxg6 Nxg6 0-1

[Event "DSM WK M 2010"]
[Site "Karlsruhe GER"]
[Date "2010.05.08"]
[Round "4"]
[White "Holler, Sophia"]
[Black "Winterberg, Johanna"]
[Result "0-1"]
[Termination "normal"]
[Board "4.4"]
[WhiteElo "800"]
[BlackElo "1004"]
[WhiteTeam "Gymnasium Donauwörth"]
[BlackTeam "Salza Gymnasium Bad Langensalza"]
[PlyCount "88"]
[BlackFideId "12929344"]
[EventCountry "GER"]
[EventRounds "7"]
[EventType "team-swiss"]
[EventDate "2010.05.06"]

1. e4 c5 2. Nf3 Nc6 3. Bc4 d6 4. Nc3 Nf6 5. d3 g6 6. d4 Bg4 7. d5 Bxf3 8. Qxf3
Nd4 9. Qd3 Bg7 10. O-O O-O 11. Qh3 Nxc2 12. Rb1 Qc8 13. Qh4 Qg4 14. Qxg4 Nxg4
15. Bd2 Ne5 16. b3 Nxc4 17. bxc4 b6 18. Rbc1 Nd4 19. Rce1 Nc2 20. Re2 Na3 21.
Bc1 Nxc4 22. Nd1 a5 23. Ne3 Nxe3 24. Rxe3 Bh6 25. Rh3 Bxc1 26. Rxc1 b5 27. f4
e6 28. Rd1 b4 29. Rf3 c4 30. dxe6 fxe6 31. Rxd6 Rfe8 32. Kf2 Rad8 33. Ra6 Rd2+
34. Kf1 Rxa2 35. Rf2 Ra1+ 36. Ke2 b3 37. Kd2 b2 38. Rb6 b1=Q 39. Rxb1 Rxb1 40.
Kc3 Rc8 41. Rc2 Rb3+ 42. Kd4 Rd3+ 43. Ke5 Kf7 44. Rb2 Rc5# 0-1

[Event "DSM WK M 2010"]
[Site "Karlsruhe GER"]
[Date "2010.05.08"]
[Round "4"]
[White "Raab, Helen"]
[Black "Kühnel, Lena"]
[Result "1-0"]
[Termination "normal"]
[Board "5.1"]
[WhiteElo "1697"]
[BlackElo "1858"]
[WhiteTeam "Gymnasium Mainz-Gonsenheim"]
[BlackTeam "Lise-Meitner-Gymnasium Königsbach-Stein"]
[PlyCount "95"]
[WhiteFideId "24653608"]
[BlackFideId "24640956"]
[EventCountry "GER"]
[EventRounds "7"]
[EventType "team-swiss"]
[EventDate "2010.05.06"]

1. e4 e5 2. Nf3 Nc6 3. Bb5 a6 4. Ba4 Nf6 5. O-O Nxe4 6. Re1 Nc5 7. Bxc6 dxc6 8.
Nxe5 Be7 9. Qe2 Be6 10. c3 O-O 11. d4 Nd7 12. Nxf7 Rxf7 13. Qxe6 Bd6 14. Nd2
Nf8 15. Qe2 Qh4 16. Nf3 Rxf3 17. Qxf3 Bxh2+ 18. Kf1 Ng6 19. Re4 Nf4 20. Bxf4
Bxf4 21. Ke2 Rf8 22. g3 Bxg3 23. Qxf8+ Kxf8 24. Rxh4 Bxh4 25. Rh1 g5 26. f4 h6
27. Kf3 Kf7 28. Kg4 Kg6 29. f5+ Kf6 30. Rf1 a5 31. Rf3 b5 32. Kh5 Be1 33. Re3
Bd2 34. Re6+ Kxf5 35. Rxh6 Bf4 36. Rxc6 g4 37. Rc5+ Ke4 38. Kxg4 b4 39. Rxa5
bxc3 40. bxc3 Bd6 41. Ra6 Kd3 42. Rc6 Ke4 43. a4 Kd5 44. Rxd6+ cxd6 45. a5 Kc6
46. Kf5 Kb5 47. Ke6 Kxa5 48. Kxd6 1-0

[Event "DSM WK M 2010"]
[Site "Karlsruhe GER"]
[Date "2010.05.08"]
[Round "4"]
[White "Schmitz, Susanne"]
[Black "Efinger, Leila"]
[Result "1/2-1/2"]
[Termination "normal"]
[Board "5.2"]
[WhiteElo "800"]
[BlackElo "1113"]
[WhiteTeam "Lise-Meitner-Gymnasium Königsbach-Stein"]
[BlackTeam "Gymnasium Mainz-Gonsenheim"]
[PlyCount "54"]
[BlackFideId "12931705"]
[EventCountry "GER"]
[EventRounds "7"]
[EventType "team-swiss"]
[EventDate "2010.05.06"]

1. e4 c6 2. Bc4 d5 3. Bd3 dxe4 4. Bxe4 Nf6 5. Bf3 Bf5 6. d3 e6 7. Ne2 Be7 8.
O-O Nbd7 9. Nd4 Bg6 10. Qe2 O-O 11. Nc3 Qb6 12. Qe3 Bc5 13. Na4 Bxd4 14. Nxb6
Bxe3 15. Nxa8 Bxc1 16. Raxc1 Rxa8 17. Rce1 Nd5 18. Be4 Bxe4 19. dxe4 N5f6 20.
e5 Nd5 21. f4 Rd8 22. c4 Nb4 23. a3 Nc2 24. Re2 Nd4 25. Rd2 c5 26. b4 b6 27.
Re1 Nf8 1/2-1/2

[Event "DSM WK M 2010"]
[Site "Karlsruhe GER"]
[Date "2010.05.08"]
[Round "4"]
[White "Woider, Stella"]
[Black "Kauselmann, Laura"]
[Result "0-1"]
[Termination "normal"]
[Board "5.3"]
[WhiteElo "757"]
[BlackElo "899"]
[WhiteTeam "Gymnasium Mainz-Gonsenheim"]
[BlackTeam "Lise-Meitner-Gymnasium Königsbach-Stein"]
[PlyCount "84"]
[EventCountry "GER"]
[EventRounds "7"]
[EventType "team-swiss"]
[EventDate "2010.05.06"]

1. e4 e5 2. Nf3 Nc6 3. Bc4 Nf6 4. d3 Bc5 5. O-O O-O 6. Nc3 d6 7. Bg5 h6 8. Bh4
Bg4 9. h3 Bh5 10. Nd5 g5 11. Bg3 Nd4 12. c3 c6 13. cxd4 cxd5 14. dxe5 dxc4 15.
exf6 Qxf6 16. b3 c3 17. Rc1 Bd4 18. h4 g4 19. Nxd4 Qxd4 20. Re1 Rae8 21. Qc2
Rc8 22. e5 d5 23. e6 Bg6 24. Be5 Qc5 25. Bf4 h5 26. g3 Rc6 27. e7 Re8 28. Bg5
d4 29. Qe2 Rc7 30. Kg2 Rd7 31. Bf6 Qb4 32. Qe5 Qd6 33. Qxd6 Rxd6 34. Bg5 Bxd3
35. Rcd1 Bb5 36. Re5 Bc6+ 37. Kg1 b6 38. Bf4 Re6 39. Rxh5 R8xe7 40. Bg5 Re1+
41. Rxe1 Rxe1+ 42. Kh2 Rh1# 0-1

[Event "DSM WK M 2010"]
[Site "Karlsruhe GER"]
[Date "2010.05.08"]
[Round "4"]
[White "Roether, Barbara"]
[Black "Beck, Clara"]
[Result "0-1"]
[Termination "normal"]
[Board "5.4"]
[WhiteElo "800"]
[BlackElo "812"]
[WhiteTeam "Lise-Meitner-Gymnasium Königsbach-Stein"]
[BlackTeam "Gymnasium Mainz-Gonsenheim"]
[PlyCount "40"]
[EventCountry "GER"]
[EventRounds "7"]
[EventType "team-swiss"]
[EventDate "2010.05.06"]

1. e4 e5 2. Nf3 Nc6 3. Bc4 Nf6 4. Nc3 Bb4 5. d3 d6 6. Bg5 O-O 7. O-O h6 8. Bxf6
Qxf6 9. Ne1 Bc5 10. Qd2 Qg6 11. g3 Bh3 12. Ng2 Nd4 13. Ne2 Nf3+ 14. Kh1 Nxd2
15. Rfd1 Nxc4 16. dxc4 Qxe4 17. Rg1 Qxe2 18. Nf4 Qf3+ 19. Rg2 Bxg2+ 20. Kg1
Qxf2# 0-1